Celebration of Mutuality: (Record no. 11284)
[ view plain ]
| 000 -LEADER | |
|---|---|
| fixed length control field | 00487nam a22001697a 4500 |
| 003 - CONTROL NUMBER IDENTIFIER | |
| control field | OSt |
| 005 - DATE AND TIME OF LATEST TRANSACTION | |
| control field | 20250201062232.0 |
| 008 - FIXED-LENGTH DATA ELEMENTS--GENERAL INFORMATION | |
| fixed length control field | 250201b |||||||| |||| 00| 0 eng d |
| 040 ## - CATALOGING SOURCE | |
| Transcribing agency | DLC |
| 050 ## - LIBRARY OF CONGRESS CALL NUMBER | |
| Classification number | ED21C |
| 082 ## - DEWEY DECIMAL CLASSIFICATION NUMBER | |
| Classification number | ED21C |
| 100 ## - MAIN ENTRY--PERSONAL NAME | |
| Personal name | Edappulavan, Jipson Joseph |
| 9 (RLIN) | 384 |
| 245 ## - TITLE STATEMENT | |
| Title | Celebration of Mutuality: |
| Remainder of title | In the Sacrament of Covenantal love-Relationship |
| Statement of responsibility, etc. | by Jipson Joseph Edappulavan |
| 260 ## - PUBLICATION, DISTRIBUTION, ETC. | |
| Place of publication, distribution, etc. | Bangalore: |
| Name of publisher, distributor, etc. | Omega Book World, |
| Date of publication, distribution, etc. | 2022. |
| 300 ## - PHYSICAL DESCRIPTION | |
| Extent | 467p. |
| 942 ## - ADDED ENTRY ELEMENTS (KOHA) | |
| Source of classification or shelving scheme | Dewey Decimal Classification |
| Koha item type | Books |
| Withdrawn status | Lost status | Source of classification or shelving scheme | Damaged status | Not for loan | Collection code | Home library | Current library | Shelving location | Date acquired | Total Checkouts | Full call number | Barcode | Date last seen | Price effective from | Koha item type |
|---|---|---|---|---|---|---|---|---|---|---|---|---|---|---|---|
| Dewey Decimal Classification | Non-fiction | Harvest Mission College | Harvest Mission College | General Stacks | 01.02.2025 | 249 ED21C | 013246 | 01.02.2025 | 01.02.2025 | Books |
